LEADER 00837nam0-2200313---450- 001 990010005750403321 005 20151014115159.0 010 $a978-0-691-14823-6 035 $a001000575 035 $aFED01001000575 035 $a(Aleph)001000575FED01 035 $a001000575 100 $a20151014d2007----km-y0itay50------ba 101 0 $aeng 102 $aUS 105 $a--------001yy 200 1 $a<>Pythagorean theorem$ea 4.000 year history$fEli Maor 210 $aPrinceton and Oxford$cPrinceton University Press$d2007 215 $aXVI, 259 p.$cill.$d24 cm 610 0 $aGeometria 676 $a516.22$v22 700 1$aMaor,$bEli 801 0$aIT$bUNINA$gRICA$2UNIMARC 901 $aBK 912 $a990010005750403321 952 $a125-D-17$bingr. 179 /2015$fMA1 959 $aMA1 962 $a51-XX 997 $aUNINA LEADER 01180nam0 22002653i 450 001 VAN0116979 005 20180710101036.634 010 $a978-88-921157-0-5 100 $a20180710d2018 |0itac50 ba 101 $aita 102 $aIT 105 $a|||| ||||| 200 1 $aˆL'‰accesso ai dati delle pubbliche amministrazioni$etra libertà di informazione e tutela della riservatezza$euna indagine comparata$fGabriele Pepe 210 $aTorino$cGiappichelli$d2018 215 $aX, 203 p.$d24 cm. 410 1$1001VAN0099003$12001 $aComparazione e diritto civile$fdiretta da Gabriella Autorino e Pasquale Stanzione$1210 $aTorino$cGiappichelli$v39 620 $dTorino$3VANL000001 700 1$aPepe$bGabriele$3VANV018943$0137504 712 $aGiappichelli $3VANV107921$4650 801 $aIT$bSOL$c20230707$gRICA 899 $aBIBLIOTECA DEL DIPARTIMENTO DI GIURISPRUDENZA$1IT-CE0105$2VAN00 912 $aVAN0116979 950 $aBIBLIOTECA DEL DIPARTIMENTO DI GIURISPRUDENZA$d00CONS IV.El.28 $e00UBG2955 20180710 996 $aAccesso ai dati delle pubbliche amministrazioni$91506019 997 $aUNICAMPANIA